Les pays contenant beaucoup de protestants (entre 90 % et 80 %) - Statistiques

Statistiques générales
  • Ce quiz a été pris 30 fois
  • Le résultat moyen est 2 sur 2
Statistiques - réponses
Hint Réponse % Correct
85,29 % Danemark
97%
88,82 % Finlande
83%
Aucun quiz correspondant
Distribution des résultats
% des personnes avec chaque résultat
Percentile par nombre de réponses
Votre historique - résultats
Vous n’avez pas pris ce quiz